| 000 | 00520nam a22001937a 4500 | ||
|---|---|---|---|
| 005 | 20260410125939.0 | ||
| 008 | 260410b |||||||| |||| 00| 0 eng d | ||
| 020 | _a9788197759055 | ||
| 040 | _cFLL | ||
| 041 |
_2Eng _aEng |
||
| 084 | _aZ2,94:({D65,8(B)} R5 | ||
| 100 |
_aNarvankar.Yuvraj.P. _91234668 |
||
| 245 |
_aElectronic Evidence in the Courtroom _bA lawyer's manual |
||
| 250 | _a2nd | ||
| 260 |
_aHaryana,India _bLexis Nexis _c2025 |
||
| 300 | _axliv,674p. | ||
| 650 | _aConstitution | ||
| 942 |
_2CC _cTEXL |
||
| 999 |
_c1848225 _d1848225 |
||